[Event "FICGS class F 000145 email"]
[Site "FICGS email"]
[Date "2014.03.29"]
[Round "1"]
[White "Dsouza, Stanislaus"]
[Black "Bromo, Alexis"]
[Result "0-1"]
[WhiteElo "895"]
[BlackElo "1147"]
[PlyCount "28"]
[EventDate "2014.??.??"]
[EventType "tourn (corr)"]
[EventRounds "5"]
[SourceTitle "Corr 2022"]
[Source "ChessBase"]
[SourceDate "2021.10.24"]
[SourceVersion "1"]
[SourceVersionDate "2021.10.24"]
[SourceQuality "1"]

1. e4 e5 2. Nf3 Nc6 3. Bc4 h6 4. d4 Nf6 5. dxe5 Nxe5 6. 0-0 Nxc4 7. b3 Nb6 8. Bb2 Bc5 9. Nbd2 0-0 10. h3 d5 11. e5 Ne4 12. Nxe4 dxe4 13. Nd2 Be6 14. Nxe4 Qxd1 0-1

[Event "FICGS class F 000145 email"]
[Site "FICGS email"]
[Date "2014.03.29"]
[Round "1"]
[White "Gonet, Gerard"]
[Black "Dsouza, Stanislaus"]
[Result "1-0"]
[WhiteElo "1177"]
[BlackElo "895"]
[PlyCount "53"]
[EventDate "2014.??.??"]
[EventType "tourn (corr)"]
[EventRounds "5"]
[SourceTitle "Corr 2022"]
[Source "ChessBase"]
[SourceDate "2021.10.24"]
[SourceVersion "1"]
[SourceVersionDate "2021.10.24"]
[SourceQuality "1"]

1. d4 e6 2. e4 d5 3. c4 c6 4. Nc3 Bb4 5. e5 Ne7 6. Qc2 Bd7 7. cxd5 Nxd5 8. Nge2 0-0 9. a3 Bxc3+ 10. Nxc3 Qh4 11. Qe4 Nxc3 12. Qxh4 Nd5 13. Bd3 f5 14. Bg5 Be8 15. 0-0 Nd7 16. Bc4 Bf7 17. Bxd5 cxd5 18. Be7 Rfe8 19. Rac1 Nb6 20. Rc7 Rab8 21. Rfc1 Nc4 22. Bd6 Rec8 23. Rxc8+ Rxc8 24. b3 Nxd6 25. Rxc8+ Nxc8 26. Qd8+ Be8 27. Qxe8# 1-0

[Event "FICGS rapid E 000126 email"]
[Site "FICGS email"]
[Date "2014.03.18"]
[Round "1"]
[White "Cavaille, Cedric"]
[Black "Dsouza, Stanislaus"]
[Result "1-0"]
[WhiteElo "1102"]
[BlackElo "895"]
[PlyCount "69"]
[EventDate "2014.??.??"]
[EventType "tourn (rapid)"]
[EventRounds "6"]
[SourceTitle "Corr 2022"]
[Source "ChessBase"]
[SourceDate "2021.10.24"]
[SourceVersion "1"]
[SourceVersionDate "2021.10.24"]
[SourceQuality "1"]

1. e4 c5 2. Nf3 Nc6 3. d4 cxd4 4. Nxd4 e5 5. Nxc6 bxc6 6. Nc3 Bb4 7. Bd2 Nf6 8. Bd3 d6 9. a3 Bxc3 10. Bxc3 0-0 11. 0-0 Be6 12. b4 Qb6 13. Bd2 d5 14. exd5 cxd5 15. Qf3 e4 16. Qg3 Nh5 17. Qe5 Nf6 18. Bg5 Ng4 19. Qg3 exd3 20. h3 Ne5 21. Qxe5 Bd7 22. Qxd5 Be6 23. Qxd3 h6 24. Be7 Rfe8 25. Bh4 Rac8 26. Rac1 Rc4 27. Qe3 Qxe3 28. fxe3 Rxh4 29. Rf4 Rxf4 30. exf4 Bc4 31. Kf2 Re2+ 32. Kg3 Kh7 33. a4 Bd5 34. c4 Bxg2 35. c5 1-0

[Event "FICGS rapid E 000126 email"]
[Site "FICGS email"]
[Date "2014.03.18"]
[Round "1"]
[White "Dsouza, Stanislaus"]
[Black "Bromo, Alexis"]
[Result "0-1"]
[WhiteElo "895"]
[BlackElo "1147"]
[PlyCount "38"]
[EventDate "2014.??.??"]
[EventType "tourn (rapid)"]
[EventRounds "6"]
[SourceTitle "Corr 2022"]
[Source "ChessBase"]
[SourceDate "2021.10.24"]
[SourceVersion "1"]
[SourceVersionDate "2021.10.24"]
[SourceQuality "1"]

1. e4 e5 2. Nf3 Nc6 3. Bb5 d6 4. Bxc6+ bxc6 5. d3 h6 6. 0-0 Nf6 7. Be3 Ba6 8. Nc3 Be7 9. Qd2 0-0 10. Ne2 Ng4 11. h3 Nxe3 12. fxe3 Bf6 13. Ng3 d5 14. exd5 cxd5 15. c3 Re8 16. Kh2 e4 17. dxe4 Bxf1 18. Rxf1 dxe4 19. Nd4 Bxd4 0-1

[Event "FICGS W-ch st1 g10 email"]
[Site "FICGS email"]
[Date "2014.03.03"]
[Round "1"]
[White "Fric, Lubos"]
[Black "Dsouza, Stanislaus"]
[Result "1-0"]
[WhiteElo "2064"]
[BlackElo "895"]
[PlyCount "45"]
[EventDate "2014.??.??"]
[EventType "tourn (corr)"]
[EventRounds "8"]
[SourceTitle "Corr 2022"]
[Source "ChessBase"]
[SourceDate "2021.10.24"]
[SourceVersion "1"]
[SourceVersionDate "2021.10.24"]
[SourceQuality "1"]

1. d4 Nf6 2. c4 d5 3. cxd5 Nxd5 4. Nf3 Bf5 5. Qb3 b6 6. e4 Bxe4 7. Ne5 e6 8. Bb5+ Ke7 9. Nd2 Bg6 10. Bc6 Na6 11. 0-0 f6 12. Ndf3 Rb8 13. Re1 Nc5 14. Nxg6+ hxg6 15. dxc5 bxc5 16. Qxd5 Qxd5 17. Bxd5 e5 18. Bf4 Kd6 19. Rad1 c6 20. Nxe5 Be7 21. Nxg6+ Kd7 22. Rxe7+ Kd8 23. Be6# 1-0

[Event "FICGS rapid E 000124 email"]
[Site "FICGS email"]
[Date "2014.02.09"]
[Round "1"]
[White "Pech, Jaroslav Sr"]
[Black "Dsouza, Stanislaus"]
[Result "1-0"]
[WhiteElo "965"]
[BlackElo "955"]
[PlyCount "37"]
[EventDate "2014.??.??"]
[EventType "tourn (rapid)"]
[EventRounds "6"]
[SourceTitle "Corr 2022"]
[Source "ChessBase"]
[SourceDate "2021.10.24"]
[SourceVersion "1"]
[SourceVersionDate "2021.10.24"]
[SourceQuality "1"]

1. c4 d5 2. cxd5 Qxd5 3. Nc3 Qd8 4. Nf3 Nc6 5. d4 Nf6 6. d5 Nxd5 7. Qxd5 Qxd5 8. Nxd5 Kd8 9. Ng5 f6 10. Nf7+ Kd7 11. Nxh8 Kd6 12. e4 Be6 13. Bf4+ Ne5 14. Bxe5+ fxe5 15. 0-0-0 Bxd5 16. Rxd5+ Ke6 17. Bc4 Kf6 18. Rd3 a6 19. Rf3+ 1-0

[Event "FICGS class F 000135 email"]
[Site "FICGS email"]
[Date "2013.09.03"]
[Round "1"]
[White "Dsouza, Stanislaus"]
[Black "Bromo, Alexis"]
[Result "0-1"]
[WhiteElo "1015"]
[BlackElo "1092"]
[PlyCount "62"]
[EventDate "2013.??.??"]
[EventType "tourn (corr)"]
[EventRounds "5"]
[SourceTitle "Corr 2022"]
[Source "ChessBase"]
[SourceDate "2021.10.24"]
[SourceVersion "1"]
[SourceVersionDate "2021.10.24"]
[SourceQuality "1"]

1. e4 e5 2. Nf3 d6 3. Bc4 h6 4. d3 Nf6 5. Be3 Nc6 6. 0-0 a6 7. Nc3 b5 8. Bb3 Be6 9. Bxe6 fxe6 10. a3 Be7 11. h3 d5 12. exd5 exd5 13. Qe2 d4 14. Bd2 0-0 15. Ne4 Nxe4 16. dxe4 Bc5 17. c3 d3 18. Qd1 a5 19. Be3 Bxe3 20. fxe3 b4 21. axb4 axb4 22. Rxa8 Qxa8 23. cxb4 Nxb4 24. Qb3+ Kh7 25. Nxe5 Rxf1+ 26. Kxf1 Qxe4 27. Nc4 Nc2 28. Qc3 Nxe3+ 29. Nxe3 Qxe3 30. Qe1 Qxe1+ 31. Kxe1 c5 0-1

[Event "FICGS class F 000130 email"]
[Site "FICGS email"]
[Date "2013.06.13"]
[Round "1"]
[White "Dsouza, Stanislaus"]
[Black "Kehayov, Yulian"]
[Result "1-0"]
[WhiteElo "1160"]
[BlackElo "1141"]
[PlyCount "31"]
[EventDate "2013.??.??"]
[EventType "tourn (corr)"]
[EventRounds "5"]
[SourceTitle "Corr 2022"]
[Source "ChessBase"]
[SourceDate "2021.10.24"]
[SourceVersion "1"]
[SourceVersionDate "2021.10.24"]
[SourceQuality "1"]

1. e4 e5 2. Bc4 Nf6 3. d3 Bc5 4. Nf3 d6 5. 0-0 0-0 6. Be3 Bxe3 7. fxe3 Nc6 8. Nc3 a6 9. Qe2 b5 10. Bb3 h6 11. Nd5 Be6 12. Nxf6+ Qxf6 13. Nd4 Nxd4 14. exd4 Bxb3 15. axb3 exd4 16. Rxf6 1-0

[Event "FICGS class F 000130 email"]
[Site "FICGS email"]
[Date "2013.06.13"]
[Round "1"]
[White "Dsouza, Stanislaus"]
[Black "Neil, Charles"]
[Result "1-0"]
[WhiteElo "1160"]
[BlackElo "1053"]
[PlyCount "67"]
[EventDate "2013.??.??"]
[EventType "tourn (corr)"]
[EventRounds "5"]
[SourceTitle "Corr 2022"]
[Source "ChessBase"]
[SourceDate "2021.10.24"]
[SourceVersion "1"]
[SourceVersionDate "2021.10.24"]
[SourceQuality "1"]

1. e4 c5 2. d3 Nc6 3. Be3 e6 4. Nf3 Qc7 5. Be2 g6 6. 0-0 Bg7 7. Nc3 Nge7 8. h3 a6 9. a3 0-0 10. Nh2 b6 11. f4 d5 12. Bd2 d4 13. Na2 e5 14. fxe5 Nxe5 15. Bf3 f5 16. exf5 Bxf5 17. Re1 Nf7 18. Bg4 Rae8 19. Bxf5 Nxf5 20. c3 Ne3 21. Bxe3 Be5 22. Nf3 Bd6 23. cxd4 cxd4 24. Bf2 Rxe1+ 25. Qxe1 Qc5 26. Qe4 a5 27. Nxd4 Qc7 28. Ne6 Qe7 29. Nxf8 Qxf8 30. Rf1 Ng5 31. Qd5+ Nf7 32. Bd4 Bc5 33. Bxc5 bxc5 34. Nc3 1-0

[Event "FICGS class F 000129 email"]
[Site "FICGS email"]
[Date "2013.05.17"]
[Round "1"]
[White "Marcel, Alexis"]
[Black "Dsouza, Stanislaus"]
[Result "1-0"]
[WhiteElo "1007"]
[BlackElo "1160"]
[PlyCount "33"]
[EventDate "2013.??.??"]
[EventType "tourn (corr)"]
[EventRounds "5"]
[SourceTitle "Corr 2022"]
[Source "ChessBase"]
[SourceDate "2021.10.24"]
[SourceVersion "1"]
[SourceVersionDate "2021.10.24"]
[SourceQuality "1"]

1. f4 c5 2. Nf3 Nc6 3. e3 d6 4. Bb5 a6 5. Bxc6+ bxc6 6. b3 Nf6 7. Bb2 e6 8. 0-0 Ne4 9. Nc3 Nxc3 10. Bxc3 f6 11. Qe1 Be7 12. a4 Bd7 13. Qg3 g6 14. Nh4 e5 15. fxe5 fxe5 16. Nxg6 hxg6 17. Qxg6# 1-0

[Event "FICGS class F 000129 email"]
[Site "FICGS email"]
[Date "2013.05.17"]
[Round "1"]
[White "Orden, Jorge"]
[Black "Dsouza, Stanislaus"]
[Result "1-0"]
[WhiteElo "1093"]
[BlackElo "1160"]
[PlyCount "61"]
[EventDate "2013.??.??"]
[EventType "tourn (corr)"]
[EventRounds "5"]
[SourceTitle "Corr 2022"]
[Source "ChessBase"]
[SourceDate "2021.10.24"]
[SourceVersion "1"]
[SourceVersionDate "2021.10.24"]
[SourceQuality "1"]

1. e4 e5 2. Nf3 Nc6 3. Be2 Bc5 4. c3 d6 5. 0-0 Be6 6. a3 Nf6 7. b4 Bb6 8. d3 0-0 9. Nbd2 d5 10. exd5 Bxd5 11. c4 Be6 12. Bb2 Nd4 13. Nxe5 Nxe2+ 14. Qxe2 h6 15. Ndf3 Qe7 16. d4 Rad8 17. c5 Bxc5 18. dxc5 Nd5 19. Rfe1 Nf4 20. Qe4 Ng6 21. Nxg6 fxg6 22. Qxg6 Bf5 23. Rxe7 Bxg6 24. Rxg7+ Kh8 25. Rxg6+ Kh7 26. Nh4 Rd7 27. Re1 a6 28. Rge6 Rff7 29. Re8 b6 30. Nf3 bxc5 31. Ne5 1-0

[Event "FICGS rapid E 000104 email"]
[Site "FICGS email"]
[Date "2013.05.14"]
[Round "1"]
[White "Cavaille, Cedric"]
[Black "Dsouza, Stanislaus"]
[Result "1-0"]
[WhiteElo "982"]
[BlackElo "1160"]
[PlyCount "53"]
[EventDate "2013.??.??"]
[EventType "tourn (rapid)"]
[EventRounds "6"]
[SourceTitle "Corr 2022"]
[Source "ChessBase"]
[SourceDate "2021.10.24"]
[SourceVersion "1"]
[SourceVersionDate "2021.10.24"]
[SourceQuality "1"]

1. e4 e5 2. Nf3 Nc6 3. Bb5 a6 4. Bxc6 dxc6 5. Nxe5 Be6 6. Qf3 Nf6 7. Nc3 Bd6 8. d4 Qe7 9. Qg3 g6 10. Bg5 h6 11. Bf4 Nh5 12. Qe3 Nxf4 13. Qxf4 0-0-0 14. 0-0-0 Kb8 15. d5 cxd5 16. exd5 Bxe5 17. Qxe5 f6 18. Qg3 Bf5 19. Rhe1 Ka7 20. Rxe7 Rd7 21. Rxd7 Bxd7 22. Qxc7 Bf5 23. d6 h5 24. d7 Bxd7 25. Rxd7 Rb8 26. Rd8 Rxd8 27. Qxd8 1-0

[Event "FICGS rapid E 000104 email"]
[Site "FICGS email"]
[Date "2013.05.14"]
[Round "1"]
[White "Dsouza, Stanislaus"]
[Black "Belaz, Egidio"]
[Result "0-1"]
[WhiteElo "1160"]
[BlackElo "1236"]
[PlyCount "72"]
[EventDate "2013.??.??"]
[EventType "tourn (rapid)"]
[EventRounds "6"]
[SourceTitle "Corr 2022"]
[Source "ChessBase"]
[SourceDate "2021.10.24"]
[SourceVersion "1"]
[SourceVersionDate "2021.10.24"]
[SourceQuality "1"]

1. e4 c5 2. Bc4 Nc6 3. Nf3 d6 4. d3 Bg4 5. h3 Bh5 6. 0-0 Nf6 7. Be3 e6 8. Nbd2 Be7 9. c3 0-0 10. Qc2 a6 11. Ng5 Nd7 12. d4 Bxg5 13. Bxg5 Qe8 14. d5 exd5 15. exd5 Bg6 16. Qd1 Nce5 17. Re1 f6 18. Bh4 Nb6 19. Nf3 Nbxc4 20. Nxe5 Nxe5 21. f4 Bh5 22. Qc2 Bg6 23. Qd2 Nf3+ 24. gxf3 Qd7 25. Re6 Bf7 26. Rxf6 gxf6 27. Qg2+ Bg6 28. Bf2 Kh8 29. h4 Rg8 30. Qh2 Be4+ 31. Kf1 Bxf3 32. Bg3 Bxd5 33. Qc2 Qh3+ 34. Ke1 Qxg3+ 35. Qf2 Rae8+ 36. Kf1 Qh3+ 0-1

[Event "FICGS rapid E 000104 email"]
[Site "FICGS email"]
[Date "2013.05.14"]
[Round "1"]
[White "Dsouza, Stanislaus"]
[Black "Leurette, Marc Antoine"]
[Result "1-0"]
[WhiteElo "1160"]
[BlackElo "1178"]
[PlyCount "95"]
[EventDate "2013.??.??"]
[EventType "tourn (rapid)"]
[EventRounds "6"]
[SourceTitle "Corr 2022"]
[Source "ChessBase"]
[SourceDate "2021.10.24"]
[SourceVersion "1"]
[SourceVersionDate "2021.10.24"]
[SourceQuality "1"]

1. Nf3 d6 2. d4 d5 3. Bf4 e6 4. e3 Nf6 5. Bd3 Nc6 6. Nc3 Bb4 7. a3 Bxc3+ 8. bxc3 0-0 9. h3 a5 10. Ng5 b6 11. Be5 g6 12. h4 Nxe5 13. dxe5 Nd7 14. f4 c5 15. h5 c4 16. Be2 Nc5 17. hxg6 fxg6 18. Qd2 Ne4 19. Nxe4 dxe4 20. Qxd8 Rxd8 21. Bxc4 Kf7 22. Rxh7+ Kg8 23. Rc7 Rd7 24. Rxd7 Bxd7 25. Rd1 Rd8 26. Rxd7 Rxd7 27. Bxe6+ Rf7 28. Bxf7+ Kxf7 29. c4 Ke7 30. g4 Ke6 31. Kd2 Kd7 32. Kc3 Ke6 33. Kd4 a4 34. Kxe4 Kd7 35. c3 Kc6 36. f5 gxf5+ 37. gxf5 b5 38. cxb5+ Kxb5 39. Kd4 Kc6 40. e4 Kd7 41. c4 Kc6 42. f6 Kd7 43. Kd5 Ke8 44. e6 Kd8 45. Kd6 Ke8 46. f7+ Kf8 47. Kd7 Kg7 48. Ke8 1-0

[Event "FICGS rapid E 000103 email"]
[Site "FICGS email"]
[Date "2013.05.03"]
[Round "1"]
[White "Bromo, Alexis"]
[Black "Dsouza, Stanislaus"]
[Result "1/2-1/2"]
[WhiteElo "1140"]
[BlackElo "1160"]
[PlyCount "118"]
[EventDate "2013.??.??"]
[EventType "tourn (rapid)"]
[EventRounds "6"]
[SourceTitle "Corr 2022"]
[Source "ChessBase"]
[SourceDate "2021.10.24"]
[SourceVersion "1"]
[SourceVersionDate "2021.10.24"]
[SourceQuality "1"]

1. d4 d5 2. c4 dxc4 3. Nc3 a6 4. e4 b5 5. a4 Bb7 6. Nf3 e6 7. Be3 Nd7 8. axb5 a5 9. Bxc4 h6 10. 0-0 Be7 11. d5 exd5 12. Nxd5 Ngf6 13. Nxf6+ Bxf6 14. e5 Nxe5 15. Qxd8+ Kxd8 16. Nxe5 Bxe5 17. Bxf7 Ke7 18. Bc4 Bxb2 19. Rad1 Rhd8 20. Rxd8 Rxd8 21. Re1 Kf6 22. b6 cxb6 23. Bxb6 Ra8 24. Re6+ Kf5 25. h3 a4 26. Re2 a3 27. g4+ Kg6 28. Bd3+ Kf7 29. Bc4+ Kf6 30. f4 a2 31. Bxa2 Rxa2 32. Bd8+ Kf7 33. Re7+ Kf8 34. Rxb7 Bd4+ 35. Kf1 Rf2+ 36. Ke1 Rxf4 37. Rb4 Be5 38. Rxf4+ Bxf4 39. Kf2 Kf7 40. Kf3 Be5 41. Ke4 Bb2 42. Kf5 g6+ 43. Ke4 Ke6 44. h4 Bf6 45. Bxf6 Kxf6 46. Kf4 g5+ 47. hxg5+ hxg5+ 48. Ke3 Ke5 49. Kf3 Kd4 50. Kg3 Ke4 51. Kg2 Kf4 52. Kh3 Kf3 53. Kh2 Kxg4 54. Kg2 Kf4 55. Kf2 g4 56. Kg2 g3 57. Kg1 Kf3 58. Kf1 g2+ 59. Kg1 Kg3 1/2-1/2

[Event "FICGS rapid E 000103 email"]
[Site "FICGS email"]
[Date "2013.05.03"]
[Round "1"]
[White "Dsouza, Stanislaus"]
[Black "Cavaille, Cedric"]
[Result "1-0"]
[WhiteElo "1160"]
[BlackElo "982"]
[PlyCount "133"]
[EventDate "2013.??.??"]
[EventType "tourn (rapid)"]
[EventRounds "6"]
[SourceTitle "Corr 2022"]
[Source "ChessBase"]
[SourceDate "2021.10.24"]
[SourceVersion "1"]
[SourceVersionDate "2021.10.24"]
[SourceQuality "1"]

1. d4 d5 2. Nf3 Nf6 3. e3 e6 4. Bd3 Be7 5. 0-0 0-0 6. Nc3 a6 7. Re1 Bb4 8. Bd2 Qd6 9. a3 Bxc3 10. Bxc3 b5 11. Bb4 Qb6 12. Bxf8 Kxf8 13. Ne5 Nbd7 14. Nxd7+ Bxd7 15. c3 Qd6 16. Qf3 Kg8 17. e4 dxe4 18. Bxe4 Nxe4 19. Qxe4 Bc6 20. Qg4 Qe7 21. f4 Qf6 22. Re3 Bd5 23. Rae1 Kh8 24. Rh3 Qg6 25. Qxg6 fxg6 26. Ree3 Rf8 27. g3 h5 28. g4 Kh7 29. gxh5 Rxf4 30. hxg6+ Kxg6 31. Rhg3+ Kf6 32. Re2 g5 33. Re5 Rf5 34. Rxf5+ Kxf5 35. Kf2 g4 36. Ke3 Bf3 37. Rxf3+ gxf3 38. Kxf3 c6 39. h4 e5 40. dxe5 Kxe5 41. h5 Kf5 42. h6 Kg6 43. Ke4 a5 44. Kd4 b4 45. Kc5 bxc3 46. bxc3 Kxh6 47. Kxc6 Kg6 48. c4 Kf6 49. Kb5 a4 50. Kxa4 Ke6 51. Kb5 Kd6 52. a4 Kc7 53. a5 Kb7 54. c5 Kc7 55. a6 Kb8 56. c6 Ka8 57. Kb6 Kb8 58. Ka5 Ka8 59. Kb6 Kb8 60. c7+ Kc8 61. a7 Kd7 62. Kb7 Ke7 63. c8Q Kd6 64. a8Q Ke7 65. Qa6 Kf7 66. Qd7+ Kf8 67. Qa8# 1-0

[Event "FICGS rapid E 000103 email"]
[Site "FICGS email"]
[Date "2013.05.03"]
[Round "1"]
[White "Dsouza, Stanislaus"]
[Black "Pipac, Darko"]
[Result "0-1"]
[WhiteElo "1160"]
[BlackElo "1228"]
[PlyCount "94"]
[EventDate "2013.??.??"]
[EventType "tourn (rapid)"]
[EventRounds "6"]
[SourceTitle "Corr 2022"]
[Source "ChessBase"]
[SourceDate "2021.10.24"]
[SourceVersion "1"]
[SourceVersionDate "2021.10.24"]
[SourceQuality "1"]

1. d4 d5 2. Nf3 h6 3. e3 Bg4 4. Be2 Nf6 5. Nc3 Nc6 6. h3 Bh5 7. 0-0 a6 8. Nh2 Bxe2 9. Qxe2 e5 10. dxe5 Nxe5 11. Rd1 c6 12. Ng4 Nexg4 13. hxg4 Bd6 14. b3 Qe7 15. Bb2 0-0 16. Qf3 Rae8 17. a3 Qe6 18. Rd4 Be5 19. Rb4 Re7 20. Rb1 c5 21. Ra4 b5 22. Ra5 d4 23. exd4 Bxd4 24. Nxb5 axb5 25. Bxd4 cxd4 26. Rxb5 Qxg4 27. Qxg4 Nxg4 28. Rb4 Rfe8 29. Rf1 Rd7 30. f3 Ne3 31. Rf2 d3 32. cxd3 Rxd3 33. Kh2 Rc8 34. Re2 Nc2 35. Rb7 Nxa3 36. Ree7 Rf8 37. Ra7 Rxb3 38. Kg3 Nc2 39. Rac7 Ne3 40. Ra7 Nf5+ 41. Kh2 Nxe7 42. Rxe7 Rd8 43. Re2 g6 44. Ra2 Rbd3 45. Rb2 Rd2 46. Rxd2 Rxd2 47. Kg3 f5 0-1

[Event "FICGS rapid E 000103 email"]
[Site "FICGS email"]
[Date "2013.05.03"]
[Round "1"]
[White "Martinez Camacho, Victor Hugo"]
[Black "Dsouza, Stanislaus"]
[Result "1-0"]
[WhiteElo "1256"]
[BlackElo "1160"]
[PlyCount "87"]
[EventDate "2013.??.??"]
[EventType "tourn (rapid)"]
[EventRounds "6"]
[SourceTitle "Corr 2022"]
[Source "ChessBase"]
[SourceDate "2021.10.24"]
[SourceVersion "1"]
[SourceVersionDate "2021.10.24"]
[SourceQuality "1"]

1. d4 d5 2. c4 e6 3. Nc3 Bb4 4. Nf3 h6 5. Bd2 Nf6 6. Qc2 Nc6 7. e3 0-0 8. Bd3 a6 9. 0-0 Bd7 10. a3 Be7 11. Rac1 dxc4 12. Bxc4 Na5 13. Ba2 Nh7 14. b4 Nc6 15. h3 Ng5 16. Nxg5 hxg5 17. Ne4 f5 18. Ng3 Bf6 19. Ne2 Ne7 20. Qxc7 Bc6 21. Qxd8 Raxd8 22. Bxe6+ Kh7 23. Ng3 Bd5 24. Bxd5 Nxd5 25. Nxf5 Kg6 26. Ng3 Rc8 27. Ne4 Rxc1 28. Rxc1 b5 29. Rc6 Ra8 30. Nc5 Re8 31. Rxa6 Nc7 32. Rc6 Nd5 33. Nd7 Rd8 34. Nxf6 gxf6 35. Rc5 Kf7 36. Rxb5 Kg6 37. a4 Nc7 38. Rc5 Ne6 39. Rc6 Kf7 40. b5 Ra8 41. a5 Nd8 42. Rc7+ Kg6 43. a6 Ne6 44. Rb7 1-0

[Event "FICGS rapid E 000101 email"]
[Site "FICGS email"]
[Date "2013.04.07"]
[Round "1"]
[White "Barradas, Anderson"]
[Black "Dsouza, Stanislaus"]
[Result "0-1"]
[WhiteElo "1210"]
[BlackElo "580"]
[PlyCount "94"]
[EventDate "2013.??.??"]
[EventType "tourn (rapid)"]
[EventRounds "6"]
[SourceTitle "Corr 2022"]
[Source "ChessBase"]
[SourceDate "2021.10.24"]
[SourceVersion "1"]
[SourceVersionDate "2021.10.24"]
[SourceQuality "1"]

1. e4 e5 2. Nf3 d6 3. h3 Nf6 4. d3 Be7 5. Nc3 h6 6. Be2 Nc6 7. a3 0-0 8. 0-0 Be6 9. Be3 Qd7 10. Nh2 Nh7 11. Bg4 a6 12. Ne2 d5 13. exd5 Qxd5 14. Ng3 Ng5 15. Nf5 Bxf5 16. Bxf5 Nd4 17. c4 Qd8 18. Qg4 Nxf5 19. Qxf5 g6 20. Qxe5 Bf6 21. Qg3 Bxb2 22. Ra2 Bg7 23. Ng4 f5 24. Bxg5 Qxg5 25. Nh2 Qxg3 26. fxg3 Bd4+ 27. Kh1 Rae8 28. Nf3 Bg7 29. Kh2 Re3 30. Rd1 Rd8 31. d4 c5 32. d5 b5 33. cxb5 axb5 34. a4 bxa4 35. Rxa4 Rc3 36. Ra6 Rc2 37. Rxg6 c4 38. Ne1 Rb2 39. Nf3 c3 40. d6 c2 41. Rc1 Kf7 42. Nh4 Be5 43. Rxh6 Rxd6 44. Rxd6 Bxd6 45. Nxf5 Be5 46. Ne3 Rb3 47. Nxc2 Rxg3 0-1